00502 a2200157 450000500170000001000150001702000290003203500140006103700130007508200110008824500410009926000550014027001100019530000220030570000170032720220124130051.0 aENG-130413 a97-93-86720-19-1c699.00 aEN-113945 bDBAD/PUB a340b1 aIAS MAINS LAW:cEdited By Manoj Vyas aGhaziabadbRathore Publishers & Distributorsc2019 aBasement 260, ShaktiKand-III, Indirapuram, GhazidabadbUttar Pradeshe201010mrathorepublishers@gmail.com a150p.c22cm (hbk) a Vyas, Manoj